Statistics for A-Z Wikipedia Famous Person Quiz - Norsk

Click here to take the quiz!

General Stats

  • This quiz has been taken 24 times
  • The average score is 13 of 26

Answer Stats

A-ZClue / SporWho? Hvem?% Correct
Atysk diktator i det 20. århundre (1889-1945)Adolf Hitler
95%
Hkonge av Norge (1937-)Harald V
90%
Cportugisisk fotballspiller (1985-)Cristiano Ronaldo
75%
Enorsk politiker og statsminister (1961-)Erna Solberg
75%
Jnorsk politiker (finansminister, statsminister, partileder), nå øverste leder for NATO (1959-)Jens Stoltenberg
75%
DUSAs 45. president (1946-)Donald Trump
70%
Nfransk militær kommandant og politisk leder (1769-1821)Napoleon Bonaparte
70%
Bnorsk forfatter (1832-1910)Bjørnstjerne Bjørnson
65%
Pantikk gresk filosof (428 f.Kr. - 348 f.Kr.)Platon
65%
Rnorsk polarforsker (1872-1928)Roald Amundsen
65%
GUSAs 41. president (1924-2018)George H W Bush
60%
Vnorsk offiser, diplomat og politiker som stiftet partiet Nasjonal Samling (1887-1945)Vidkun Quisling
55%
Wtidligere britisk statsminister (1874-1965)Winston Churchill
55%
Onorsk fotballspiller og -trener (1973-)Ole Gunnar Solskjær
50%
Fnorsk oppdager, diplomat og vitenskapsmann (1861-1930)Fridtjof Nansen
40%
Spresident i Irak (1937-2006)Saddam Hussein
40%
Tamerikansk rapper og skuespiller (1971-1996)Tupac Shakur
35%
Mlibysk statsleder (1942-2011)Muammar Gaddafi
30%
Qregissør, skuespiller, produsent og manusforfatter fra USA (1963-)Quentin Tarantino
30%
Ypalestinsk politiker og fredsprisvinner (1929-2004)Yasir Arafat
30%
Ksiste farao i det gamle Egypt (69 f.Kr. - 30 f.Kr.)Kleopatra
25%
Xamerikansk rapper (1998-2018)XXXTentacion
25%
Zuidentifisert seriemorderZodiac-Morderen
20%
Unorsk politiker (1986-)Une Bastholm
15%
Inorsk musiker (1963-)Ingrid Bjørnov
5%
Lmusiker og danser fra USA (1986-)Lady Gaga
0%

Score Distribution

Percentile by Number Answered

Percent of People with Each Score

Your Score History

You have not taken this quiz